UBT Library

Concepts in biology / (Record no. 45193)

000 -LEADER
fixed length control field 00853cam a22002774a 4500
001 - CONTROL NUMBER
control field 14241453
005 - DATE AND TIME OF LATEST TRANSACTION
control field 20180316042956.0
008 - FIXED-LENGTH DATA ELEMENTS--GENERAL INFORMATION
fixed length control field 060125s2007 mauab 001 0 eng
010 ## - LIBRARY OF CONGRESS CONTROL NUMBER
LC control number 2006002607
020 ## - INTERNATIONAL STANDARD BOOK NUMBER
International Standard Book Number 0072986573 (hard copy : alk. paper)
020 ## - INTERNATIONAL STANDARD BOOK NUMBER
International Standard Book Number 0073227374 (pbk.)
020 ## - INTERNATIONAL STANDARD BOOK NUMBER
International Standard Book Number 9780072986570
020 ## - INTERNATIONAL STANDARD BOOK NUMBER
International Standard Book Number 9780073227375
035 ## - SYSTEM CONTROL NUMBER
System control number (OCoLC)ocm63245375
040 ## - CATALOGING SOURCE
Original cataloging agency DLC
Transcribing agency DLC
Modifying agency YDX
-- BAKER
-- DLC
041 ## - LANGUAGE CODE
Language code of text/sound track or separate title eng
042 ## - AUTHENTICATION CODE
Authentication code pcc
080 ## - UNIVERSAL DECIMAL CLASSIFICATION NUMBER
Universal Decimal Classification number 570 eld
082 00 - DEWEY DECIMAL CLASSIFICATION NUMBER
Classification number 570 eld
Edition number 22
100 1# - Rafti
Rafti 11
101 ## - Shkurtesa
Shkurtesa bio
245 10 - TITLE STATEMENT
Title Concepts in biology /
Statement of responsibility, etc Eldon D. Enger, Frederick C. Ross, David B. Bailey.
906 ## - LOCAL DATA ELEMENT F, LDF (RLIN)
a 0
b cbc
c orignew
d 1
e ecip
f 20
g y-gencatlg
942 ## - ADDED ENTRY ELEMENTS (KOHA)
Source of classification or shelving scheme
Item type Books
Holdings
Withdrawn status Lost status Source of classification or shelving scheme Damaged status Not for loan Collection code Permanent location Current location Shelving location Date acquired Total Checkouts Full call number Barcode Date last seen Price effective from Koha item type
          Koleksioni i përgjithshem UBT - Lipjan UBT - Lipjan Koleksioni i përgjithshem 03/16/2018   570 eld 002-3002239 03/16/2018 03/16/2018 Books
UBT Library © 2015-2024. All rights reserved University Education for Business and Technology